000 00568nam a2200205Ia 4500
005 20250508163010.0
008 008 250505s9999 xx 000 0 eng d
020 _a0-19-875043-9
037 _aTextual
040 _aFEDL
_beng
_cFEDL
041 _aeng
_2eng
084 _a128.2, GUT
_qFEDL
100 _aGuttenplan Samuel Ed.
245 0 _aMind and language: Wolfson college lectures 1974
260 _aOxford, UK
_bClarendon Press
_c1975
300 _a158p.
650 _aPhilosophy
942 _cTEXL
_h128.2, GUT
999 _c1380027
_d1380027